000 00513nam a2200217Ia 4500
003 OSt
005 20220912153001.0
006 a|||||r|||| 00| 0
007 ta
008 220909b |||||||| |||| 00| 0 eng d
024 _a26669
037 _cTextual
040 _aCSL
_beng
_cCSL
041 _aeng
082 _aC295, 122G4
245 0 _aStructure et properties des noyax atomiques
260 _c1934
300 _ap.
_ccm.
942 _hC295, 122G4
_cTEXL
_2CC
999 _c95670
_d95670